Frecuencia de parásitos intestinales en manipuladores de alimentos y factores de riesgo asociados : (Registro nro. 3069)
[ vista simple ]
| 000 -LEADER | |
|---|---|
| fixed length control field | 01901nam a2200241 4500 |
| 005 - DATE AND TIME OF LATEST TRANSACTION | |
| control field | 20250329165417.0 |
| 007 - PHYSICAL DESCRIPTION FIXED FIELD--GENERAL INFORMATION | |
| fixed length control field | ta |
| 008 - FIXED-LENGTH DATA ELEMENTS--GENERAL INFORMATION | |
| fixed length control field | 180709s2021 000 0 eng d |
| 040 ## - CATALOGING SOURCE | |
| Original cataloging agency | CO-CtgCURN |
| Language of cataloging | spa |
| Transcribing agency | coctgcurn |
| 082 0# - DEWEY DECIMAL CLASSIFICATION NUMBER | |
| Classification number | BAC 2021 |
| Item number | A973 |
| 100 1# - MAIN ENTRY--PERSONAL NAME | |
| Personal name | Ayala, Ana. |
| 245 10 - TITLE STATEMENT | |
| Title | Frecuencia de parásitos intestinales en manipuladores de alimentos y factores de riesgo asociados : |
| Remainder of title | Una revisión a nivel mundial desde el año 2010 a 2020 / |
| Statement of responsibility, etc. | Ana Ayala; Tatiana Bru. |
| 260 #1 - PUBLICATION, DISTRIBUTION, ETC. | |
| Place of publication, distribution, etc. | Cartagena de Indias : : |
| Name of publisher, distributor, etc. | Corporación Universitaria Rafael Nuñez,, |
| Date of publication, distribution, etc. | 2021. |
| 300 ## - PHYSICAL DESCRIPTION | |
| Extent | 26 hojas. |
| 504 ## - BIBLIOGRAPHY, ETC. NOTE | |
| Bibliography, etc. note | Trabajo de grado (Bacteriologia). Corporación Universitaria Rafael Nuñez. Facultad de Ciencias de la salud. Bacteriologia, 2021. |
| 520 ## - SUMMARY, ETC. | |
| Summary, etc. | "El parasitismo intestinal representa un importante problema de salud pública a nivel mundial, la mayoría de estos son transmitidos por el consumo de agua o alimentos contaminados con materia fecal, en la mayoría de casos es el manipulador que interviene como vehículo de transmisión en actividades de fabricación, procesamiento, preparación, envase, almacenamiento, transporte y expendio de alimentos, de esta manera el manipulador tiene un rol fundamental para reducir la probabilidad de contaminación en los productos, por ello la presencia de parásitos en los manipuladores y el incumplimiento de las medidas higiénicas, generan un riesgo de diseminación de estas enfermedades a la población " |
| 650 14 - SUBJECT ADDED ENTRY--TOPICAL TERM | |
| Topical term or geographic name entry element | Bacteriologia |
| Form subdivision | Tesis y disertaciones academicas. |
| 650 #0 - SUBJECT ADDED ENTRY--TOPICAL TERM | |
| Topical term or geographic name entry element | Bru, Tatiana. |
| 856 ## - ELECTRONIC LOCATION AND ACCESS | |
| Uniform Resource Identifier | <a href="https://unicurn.sharepoint.com/:b:/s/biblioteca/ETPCJO1E9xxPlXuZjpwmcEoBCYLvvEfXEQcJmCW21rudIA?e=2Pbh2J">https://unicurn.sharepoint.com/:b:/s/biblioteca/ETPCJO1E9xxPlXuZjpwmcEoBCYLvvEfXEQcJmCW21rudIA?e=2Pbh2J</a> |
| Public note | Click aqui para ver el recurso en texto completo |
| 856 7# - ELECTRONIC LOCATION AND ACCESS | |
| Public note | Click aqui para ver el recurso en texto completo |
| 942 ## - ADDED ENTRY ELEMENTS (KOHA) | |
| Source of classification or shelving scheme | Dewey Decimal Classification |
| Koha item type | Trabajos de grado |
| Classification part | BAC 2021 |
| Item part | A973 |
| Withdrawn status | Lost status | Source of classification or shelving scheme | Damaged status | Not for loan | Home library | Current library | Shelving location | Date acquired | Source of acquisition | Cost, normal purchase price | Total checkouts | Full call number | Barcode | Date last seen | Copy number | Price effective from | Koha item type |
|---|---|---|---|---|---|---|---|---|---|---|---|---|---|---|---|---|---|
| Dewey Decimal Classification | Miguel Henríquez Emiliani | Miguel Henríquez Emiliani | Trabajo de grado | 03/29/2025 | El autor | 350000.00 | BAC 2021 A973 | 023572 | 06/20/2021 | 1 | 06/20/2021 | Trabajos de grado |